<Der> geplante Europäische Binnenmarkt <Ein> neuer Impuls für die berufliche Aus- und Weiterbildung

Salvato in:
Dettagli Bibliografici
Autore principale: Franke, Heinrich
Natura: Libro
Lingua:tedesco
Pubblicazione: Düsseldorf Bildungswerk der Nordrhein-Westfälischen Wirtschaft 1990
Edizione:1. Aufl.
Soggetti:
Tags: Aggiungi Tag
Nessun Tag, puoi essere il primo ad aggiungerne!!

MARC

LEADER 00000nam a2200000 4500
001 c000670
005 20221215125324.7
041 0 |a ger 
044 |a DE 
245 1 0 |a <Der> geplante Europäische Binnenmarkt  |b <Ein> neuer Impuls für die berufliche Aus- und Weiterbildung  |c Heinrich Franke 
250 |a 1. Aufl. 
264 1 |a Düsseldorf  |b Bildungswerk der Nordrhein-Westfälischen Wirtschaft  |c 1990 
300 |a 39 s. 
610 2 0 |a Európske spoločenstvá 
610 2 0 |a kvalifikácia 
610 2 0 |a trh práce 
610 2 0 |a zamestnanosť 
610 2 0 |a trh vnútorný 
610 2 0 |a integrácia ekonomická medzinárodná 
610 2 0 |a vzdelávanie 
610 2 0 |a vzdelanie odborné 
100 1 |a Franke, Heinrich